000 01000nam a2200277Ia 4500
003 OSt
005 20221005111527.0
006 a|||||r|||| 00| 0
007 ta
008 221004b |||||||| |||| 00| 0 asm d
020 _a8126001089 (hbk)
_cIndian Rupees 100
024 _a41059
037 _bGift, 08/01/2019,
_cTextual
040 _aCRL
_cCRL
_basm
041 _2asm
_aasm
082 _aO158,3N32,PB, 152N6
100 _aबोरा, लक्ष्मीनन्दन, संपा.
245 0 _aपाताल भैरवी
246 _aPātāl bhairavī
260 _aनई दिल्ली
_bसाहित्य अकादेमी भारत
_c1996
300 _a265पृ0
_ccm.
650 _a असमी साहित्य
650 _aअसमी कहानी
942 _hO158,3N32,PB, 152N6
_cTEXL
_2cc
999 _c1022093
_d1022093